000 00284nam a22001337a 4500
008 170504b xxu||||| |||| 00| 0 eng d
020 _a9780199737543
041 _aeng
080 _a34
100 _a13
101 _aSHJ
245 _aACCCES POINTS
_cEHRLICH.S.D
942 _2udc
_cBK
999 _c12629
_d12629